[Event "Monarch Assurance op 11"]
[Site "Port Erin"]
[Date "2002.10.04"]
[Round "7.3"]
[White "Dautov, Rustem"]
[Black "Felgaer, Ruben"]
[Result "1/2-1/2"]
[WhiteElo "2617"]
[BlackElo "2528"]
[PlyCount "160"]
[EventDate "2002.09.28"]
[EventType "swiss"]
[EventRounds "9"]
[EventCountry "ENG"]
[Source "Fruth,M"]
[SourceDate "2003.05.15"]

1. d4 Nf6 2. c4 c5 3. d5 b5 4. cxb5 a6 5. bxa6 g6 6. Nc3 Bxa6 7. Nf3 Bg7 8. g3
d6 9. Bg2 Nbd7 10. O-O O-O 11. Rb1 Qa5 12. Bd2 Nb6 13. b3 Qa3 14. Ne1 Bb7 15.
Nc2 Qa6 16. e4 Nfd7 17. a4 Qa7 18. Nb5 Qb8 19. Nca3 Ba6 20. Re1 Qb7 21. Qc2
Rfb8 22. Bc3 Bxc3 23. Qxc3 Qc8 24. Bf1 Qd8 25. f4 Nf6 26. Rbd1 Bb7 27. Bg2 Rc8
28. a5 Nbd7 29. e5 Ne8 30. Nc4 Ba6 31. Nba3 Rcb8 32. Bh3 Bc8 33. Bg2 Ra7 34.
Nc2 Rab7 35. Rb1 Nf8 36. N2e3 Nc7 37. Nb6 Ra7 38. Ra1 Nb5 39. Qb2 Nd7 40. Nec4
Ba6 41. Bh3 Nd4 42. Re3 Nxb6 43. Nxb6 dxe5 44. fxe5 Bb7 45. b4 Bxd5 46. bxc5
Nf3+ 47. Kf1 Ng5 48. Qd2 Bc6 49. Qxd8+ Rxd8 50. Bg4 Rd2 51. h4 Rh2 52. Raa3 Ne4
53. Kg1 Rc2 54. Bf3 Rc1+ 55. Kg2 Rc2+ 56. Kg1 Rc1+ 57. Kg2 Rc2+ 58. Re2 Rxe2+
59. Bxe2 Nxc5+ 60. Bf3 Bxf3+ 61. Kxf3 f6 62. exf6 exf6 63. Nd5 Kf7 64. Nb4 Na6
65. Nxa6 Rxa6 66. Ke4 Ke6 67. Kd4 Kd6 68. Kc4 Kc6 69. Kb4 Kb7 70. Re3 Rd6 71.
Kc5 Rd7 72. g4 Rd1 73. Re7+ Ka6 74. Re6+ Kxa5 75. Rxf6 Rc1+ 76. Kd6 Rc4 77. Rf7
Rxg4 78. Rxh7 Kb4 79. Ke5 Kc3 80. Kf6 Kd3 1/2-1/2

[Event "Bled olm 35"]
[Site "Bled"]
[Date "2002.11.01"]
[Round "7"]
[White "Gyimesi, Zoltan"]
[Black "Sermek, Drazen"]
[Result "1-0"]
[WhiteElo "2596"]
[BlackElo "2590"]
[PlyCount "159"]
[EventDate "2002.10.26"]
[EventType "team"]
[EventRounds "14"]
[EventCountry "SLO"]
[Source "Fruth,M"]
[SourceDate "2003.05.15"]

1. d4 Nf6 2. c4 c5 3. d5 b5 4. cxb5 a6 5. bxa6 g6 6. Nc3 Bxa6 7. e4 Bxf1 8.
Kxf1 d6 9. Nf3 Nbd7 10. g3 Bg7 11. Kg2 O-O 12. Re1 Qa5 13. e5 Ng4 14. exd6 exd6
15. Bf4 Rfb8 16. Re2 Qa6 17. Rc1 Nge5 18. Nxe5 Nxe5 19. Bxe5 Bxe5 20. b3 Rb4
21. Rd2 c4 22. Ne2 cxb3 23. axb3 Qb7 24. Rd3 Rb5 25. Ng1 Raa5 26. Qf3 Rxd5 27.
b4 Rab5 28. Rxd5 Qxd5 29. Qxd5 Rxd5 30. Rb1 Rb5 31. Ne2 d5 32. Nc1 Kf8 33. f4
Bf6 34. Kf3 Ke7 35. Ke3 Kd6 36. Ne2 h5 37. Kd3 Rb7 38. Nd4 Rb6 39. Rb3 h4 40.
Nf3 hxg3 41. hxg3 Kc6 42. Nd4+ Kd6 43. Nc2 g5 44. Ra3 gxf4 45. gxf4 Ke6 46. Ra5
Kd6 47. Ne3 Bb2 48. Rxd5+ Ke6 49. b5 Rb8 50. Kc4 Bc1 51. Re5+ Kd7 52. Rd5+ Ke6
53. f5+ Kf6 54. Ng4+ Kg5 55. Ne5 Rc8+ 56. Nc6 Be3 57. Kd3 Bb6 58. Rd7 Kf6 59.
Rd6+ Kg5 60. Rd7 Kf6 61. Ke4 Re8+ 62. Kf4 Be3+ 63. Kg4 Bc5 64. Rd5 Re4+ 65. Kf3
Re3+ 66. Kf4 Rc3 67. Ne5 Ba3 68. Ke4 Rb3 69. Nc4 Be7 70. Kd4 Bf8 71. Nd2 Rb4+
72. Kc3 Rh4 73. Nb3 Bb4+ 74. Kd3 Rh3+ 75. Kc4 Be1 76. Nc5 Rh4+ 77. Kd3 Rb4 78.
b6 Kg7 79. b7 Bg3 80. Rd4 1-0

[Event "Bled olm 35"]
[Site "Bled"]
[Date "2002.11.01"]
[Round "7"]
[White "Ivanisevic, Ivan"]
[Black "Degraeve, Jean Marc"]
[Result "0-1"]
[WhiteElo "2537"]
[BlackElo "2575"]
[PlyCount "66"]
[EventDate "2002.10.26"]
[EventType "team"]
[EventRounds "14"]
[EventCountry "SLO"]
[Source "Fruth,M"]
[SourceDate "2003.05.15"]

1. d4 Nf6 2. c4 c5 3. d5 b5 4. cxb5 a6 5. b6 e6 6. Nc3 Nxd5 7. Nxd5 exd5 8.
Qxd5 Nc6 9. Nf3 Rb8 10. Bg5 f6 11. Bd2 Qxb6 12. Bc3 Nb4 13. Qd1 d5 14. e4 d4
15. Bxb4 Qxb4+ 16. Nd2 Bd6 17. b3 Bf4 18. g3 Bg4 19. Be2 Bxe2 20. Qxe2 d3 21.
Qxd3 Rd8 22. Qxd8+ Kxd8 23. gxf4 Ke7 24. Rg1 Rd8 25. Rd1 Kf8 26. Rg3 f5 27.
exf5 Qxf4 28. Ke2 Qe5+ 29. Re3 Qb2 30. a4 Qc2 31. Re5 Qd3+ 32. Ke1 Qd6 33. f4
Qd4 0-1

[Event "Bled olm 35"]
[Site "Bled"]
[Date "2002.11.05"]
[Round "10"]
[White "Azmaiparashvili, Zurab"]
[Black "Van Wely, Loek"]
[Result "1/2-1/2"]
[WhiteElo "2666"]
[BlackElo "2681"]
[PlyCount "80"]
[EventDate "2002.10.26"]
[EventType "team"]
[EventRounds "14"]
[EventCountry "SLO"]
[Source "Fruth,M"]
[SourceDate "2003.05.15"]

1. d4 Nf6 2. c4 c5 3. d5 b5 4. cxb5 a6 5. b6 Qxb6 6. Nc3 g6 7. Nf3 d6 8. e4
Nbd7 9. Nd2 Bg7 10. Nc4 Qa7 11. Bf4 Nb6 12. Ne3 Nh5 13. Bg5 h6 14. Bh4 O-O 15.
Rc1 Re8 16. Rc2 Bd7 17. Be2 Nf4 18. O-O Nxe2+ 19. Qxe2 Na4 20. Nxa4 Bxa4 21. b3
Bb5 22. Nc4 a5 23. Bg3 a4 24. h4 axb3 25. axb3 h5 26. Re1 Qb7 27. Qd2 Bd7 28.
e5 Qxb3 29. exd6 exd6 30. Rxe8+ Bxe8 31. Bxd6 Ra1+ 32. Kh2 Qb1 33. Be5 Qh1+ 34.
Kg3 Rd1 35. Qf4 Rxd5 36. Bxg7 Kxg7 37. Rd2 Rxd2 38. Qe5+ f6 39. Qxe8 Rd3+ 40.
Ne3 Qa1 1/2-1/2

[Event "Bled olm 35"]
[Site "Bled"]
[Date "2002.11.06"]
[Round "11"]
[White "Dao Thien Hai"]
[Black "Grechihin, Valery"]
[Result "1-0"]
[WhiteElo "2547"]
[BlackElo "2543"]
[PlyCount "69"]
[EventDate "2002.10.26"]
[EventType "team"]
[EventRounds "14"]
[EventCountry "SLO"]
[Source "Fruth,M"]
[SourceDate "2003.05.15"]

1. d4 Nf6 2. c4 c5 3. d5 b5 4. Nf3 bxc4 5. Nc3 g6 6. e4 d6 7. Bxc4 Bg7 8. e5
dxe5 9. Nxe5 O-O 10. O-O Nfd7 11. Nxd7 Nxd7 12. Qe2 Nb6 13. Rd1 Bb7 14. Bg5
Nxc4 15. Qxc4 h6 16. Be3 Rc8 17. Na4 Qa5 18. Nxc5 Ba6 19. Qc2 Rfd8 20. a3 Qb5
21. Rd2 Qc4 22. Qxc4 Bxc4 23. Rad1 Rb8 24. b4 a5 25. bxa5 Ra8 26. h3 Be5 27.
Bxh6 Rdc8 28. Nd7 Bc7 29. Nb6 Bxb6 30. axb6 Rxa3 31. Rc1 Ba6 32. Rxc8+ Bxc8 33.
Rc2 Ba6 34. Rc7 Rb3 35. Be3 1-0

[Event "Anibal op 10"]
[Site "Linares"]
[Date "2003.03.07"]
[Round "8.5"]
[White "Gleizerov, Evgeny"]
[Black "Halkias, Stelios"]
[Result "1/2-1/2"]
[WhiteElo "2579"]
[BlackElo "2521"]
[PlyCount "72"]
[EventDate "2003.03.01"]
[EventType "swiss"]
[EventRounds "10"]
[EventCountry "ESP"]
[Source "Fruth,M"]
[SourceDate "2003.05.15"]

1. d4 Nf6 2. c4 c5 3. d5 b5 4. cxb5 a6 5. b6 Qxb6 6. Nc3 d6 7. Nf3 g6 8. Nd2
Nbd7 9. e4 Bg7 10. Be2 Qc7 11. O-O O-O 12. a4 Bb7 13. a5 e6 14. Nc4 Nxe4 15.
Nxe4 exd5 16. Nexd6 dxc4 17. Nxb7 Qxb7 18. Bf3 Qb5 19. Bxa8 Rxa8 20. Qa4 Ne5
21. Qxb5 axb5 22. a6 Nd3 23. Ra5 b4 24. a7 h5 25. Be3 Bxb2 26. Bxc5 Nxc5 27.
Rxc5 c3 28. Rb5 Rxa7 29. Rxb4 Rd7 30. g3 Kg7 31. Kg2 Rd3 32. h4 Ba3 33. Rc4 Bb2
34. Re1 Rd2 35. Re7 c2 36. Rec7 c1=Q 1/2-1/2

[Event "Internet Section 16 A"]
[Site "Dos Hermanas"]
[Date "2003.03.16"]
[Round "?"]
[White "Chemberlen"]
[Black "Lepikson"]
[Result "1-0"]
[WhiteElo "2821"]
[BlackElo "2691"]
[PlyCount "81"]
[EventDate "2003.03.16"]
[EventType "swiss (blitz)"]
[EventRounds "9"]
[EventCountry "ESP"]
[Source "Fruth,M"]
[SourceDate "2003.05.15"]

1. d4 Nf6 2. c4 c5 3. d5 b5 4. Nf3 bxc4 5. Nc3 Ba6 6. e4 Qa5 7. Qc2 d6 8. Bg5
Nbd7 9. Nd2 g6 10. Bxc4 Bg7 11. O-O O-O 12. Rad1 Bxc4 13. Nxc4 Qa6 14. b3 Rfe8
15. h3 Nb6 16. Ne3 Qa5 17. Rb1 h6 18. Bh4 g5 19. Bg3 Nh5 20. Ne2 Nxg3 21. Nxg3
Qc3 22. Qxc3 Bxc3 23. Ngf5 Kh7 24. Nc4 Bf6 25. f4 gxf4 26. Rxf4 Nxc4 27. bxc4
Rab8 28. Rxb8 Rxb8 29. Nxe7 Bd4+ 30. Kf1 Rb1+ 31. Ke2 Rb2+ 32. Kd3 Rxa2 33.
Rxf7+ Kh8 34. Nf5 Be5 35. Rd7 h5 36. Nxd6 Ra3+ 37. Kc2 Ra2+ 38. Kb3 Rb2+ 39.
Ka3 Bd4 40. e5 Rxg2 41. e6 1-0

[Event "Internet Section 16 A"]
[Site "Dos Hermanas"]
[Date "2003.03.16"]
[Round "?"]
[White "koluha"]
[Black "rincocin"]
[Result "1/2-1/2"]
[WhiteElo "2549"]
[BlackElo "2530"]
[PlyCount "167"]
[EventDate "2003.03.16"]
[EventType "swiss (blitz)"]
[EventRounds "9"]
[EventCountry "ESP"]
[Source "Fruth,M"]
[SourceDate "2003.05.15"]

1. d4 Nf6 2. c4 c5 3. d5 b5 4. cxb5 a6 5. bxa6 Bxa6 6. Nc3 g6 7. Nf3 d6 8. e4
Bxf1 9. Kxf1 Bg7 10. h3 O-O 11. Kg1 Na6 12. Kh2 Qb8 13. Re1 Nd7 14. Kg1 Nc7 15.
Qc2 Nb5 16. Bd2 Nd4 17. Nxd4 cxd4 18. Ne2 Nc5 19. Nf4 Rc8 20. Rec1 d3 21. Nxd3
Nxe4 22. Qxc8+ Qxc8 23. Rxc8+ Rxc8 24. Be3 Nf6 25. Nb4 Rb8 26. a3 Rb5 27. Rd1
Ne4 28. Bd4 Bh6 29. Kf1 Bd2 30. Nc6 Bg5 31. f3 Ng3+ 32. Kf2 Bh4 33. Bc3 Ne4+
34. Ke3 Nxc3 35. bxc3 Rb3 36. Kd3 Rxa3 37. Rb1 Bf6 38. Nd4 Ra2 39. Ne2 Ra5 40.
c4 Ra3+ 41. Kd2 Kg7 42. Rc1 Ra2+ 43. Rc2 Ra1 44. Ke3 Ra3+ 45. Kf2 h5 46. g4
hxg4 47. hxg4 g5 48. Ng3 e6 49. Ne4 Ra6 50. Rd2 e5 51. c5 dxc5 52. Nxc5 Rd6 53.
Ne4 Rd8 54. d6 Kg6 55. Nc5 Bg7 56. d7 Bf6 57. Nb7 Rb8 58. d8=Q Bxd8 59. Nxd8
Rb6 60. Rd7 f5 61. gxf5+ Kxf5 62. Rf7+ Kg6 63. Re7 Kf6 64. Rf7+ Kg6 65. Rf8 Rb3
66. Ne6 Rb2+ 67. Ke3 Rb3+ 68. Ke4 Rb5 69. Nc7 Rc5 70. Nd5 g4 71. Rg8+ Kf7 72.
Rxg4 Ke6 73. Rg6+ Kf7 74. Rf6+ Kg7 75. Ra6 Kf7 76. Kxe5 Rb5 77. f4 Rc5 78. f5
Rb5 79. Ra7+ Kf8 80. Kf6 Rb8 81. Rf7+ Ke8 82. Rh7 Rb6+ 83. Nxb6 Kd8 84. Re7
1/2-1/2

[Event "Internet Section 16 B"]
[Site "Dos Hermanas"]
[Date "2003.03.16"]
[Round "?"]
[White "Ddot"]
[Black "S-Hassan"]
[Result "1-0"]
[WhiteElo "2789"]
[BlackElo "2720"]
[PlyCount "233"]
[EventDate "2003.03.16"]
[EventType "swiss (blitz)"]
[EventRounds "9"]
[EventCountry "ESP"]
[Source "Fruth,M"]
[SourceDate "2003.05.15"]

1. d4 Nf6 2. c4 c5 3. d5 b5 4. cxb5 a6 5. b6 d6 6. Nc3 Nbd7 7. Nf3 g6 8. e4 Bg7
9. Be2 O-O 10. O-O Qxb6 11. Nd2 Ne5 12. h3 g5 13. Nc4 Nxc4 14. Bxc4 g4 15. hxg4
Nxg4 16. Be2 Ne5 17. Rb1 Ng6 18. Bg5 h6 19. Be3 Kh7 20. Qd2 a5 21. Kh2 f5 22.
exf5 Bxf5 23. Bd3 Qb4 24. f4 c4 25. Bxf5 Rxf5 26. g4 Rf7 27. Qc2 Raf8 28. Rh1
Rxf4 29. Bxf4 Rxf4 30. Rbf1 Rxg4 31. Kh3 Rd4 32. Rf7 Rd3+ 33. Kh2 Qc5 34. Qg2
Qd4 35. Ne4 Qe5+ 36. Kg1 Rd1+ 37. Rf1 Qd4+ 38. Nf2 Rd2 39. b3 c3 40. Qf3 c2 41.
Qf5 Rxf2 42. Qxf2 Qg4+ 43. Qg2 Bd4+ 44. Kh2 Be5+ 45. Kg1 Bd4+ 46. Kh2 Qh4+ 47.
Qh3 Be5+ 48. Kg2 c1=Q 49. Rf7+ Kg8 50. Rxc1 Qg5+ 51. Kh1 Kxf7 52. Rg1 Qf6 53.
a3 Nf4 54. Qg4 Ng6 55. Qh3 Bf4 56. b4 axb4 57. axb4 Qe5 58. Qf3 Nh4 59. Qd3 Nf5
60. b5 Kf6 61. Qf3 Nh4 62. Qd3 Qh5 63. Qd4+ Be5 64. Qg4 Qxg4 65. Rxg4 Nf5 66.
b6 h5 67. b7 hxg4 68. b8=Q g3 69. Qg8 Ne3 70. Qh7 Kg5 71. Qe4 Nf5 72. Kg2 Nh4+
73. Kh3 Nf5 74. Qg4+ Kf6 75. Qf3 Kg5 76. Qg4+ Kf6 77. Qg8 Ne3 78. Qf8+ Kg5 79.
Qg8+ Kf4 80. Qf7+ Ke4 81. Qxe7 Nxd5 82. Qh4+ Kd3 83. Qh7+ Kd4 84. Qh4+ Kc5 85.
Qe4 Nf6 86. Qe3+ Kd5 87. Kg2 Ke6 88. Kh3 Nd5 89. Qe4 Nf6 90. Qc4+ Kf5 91. Qf7
Ke4 92. Qc4+ Kf5 93. Qf7 d5 94. Kg2 d4 95. Kf3 d3 96. Qb3 g2 97. Qxd3+ Kg5 98.
Kxg2 Nh5 99. Qe3+ Kf5 100. Kf3 Nf4 101. Qe4+ Kf6 102. Kg4 Ng6 103. Qf5+ Kg7
104. Kg5 Bf4+ 105. Kh5 Nh8 106. Qxf4 Nf7 107. Qg4+ Kf6 108. Qg6+ Ke7 109. Qc6
Ne5 110. Qd5 Kf6 111. Kh4 Ng6+ 112. Kg4 Ne7 113. Qd6+ Kf7 114. Kg5 Ke8 115. Kf6
Ng8+ 116. Ke6 Nf6 117. Qe7# 1-0

[Event "Internet Section 17 B"]
[Site "Dos Hermanas"]
[Date "2003.03.17"]
[Round "4"]
[White "Bingcoy"]
[Black "Champi"]
[Result "1-0"]
[WhiteElo "2662"]
[BlackElo "2510"]
[PlyCount "73"]
[EventDate "2003.03.17"]
[EventType "swiss (blitz)"]
[EventRounds "9"]
[EventCountry "ESP"]
[Source "Fruth,M"]
[SourceDate "2003.05.15"]

1. d4 Nf6 2. c4 c5 3. d5 b5 4. cxb5 a6 5. b6 d6 6. Nc3 g6 7. Nf3 Bg7 8. e4 O-O
9. Be2 Bg4 10. Nd2 Bxe2 11. Qxe2 Nbd7 12. O-O Nxb6 13. a4 Ne8 14. Rd1 Nc7 15.
a5 Nd7 16. Nc4 Nb5 17. Qd3 Ne5 18. Nxe5 Bxe5 19. Nxb5 axb5 20. Qxb5 Qb8 21. Qe2
Qb3 22. a6 Rfb8 23. g3 Rb6 24. Ra3 Qb5 25. Qxb5 Rxb5 26. Kg2 Rb6 27. Bh6 Rbxa6
28. Rb3 f6 29. h4 Kf7 30. Rc1 Ra4 31. f3 Ra2 32. f4 Bd4 33. Rc2 R8a4 34. Kf3
Rb4 35. Rxb4 cxb4 36. Rc8 Rxb2 37. Rf8# 1-0

[Event "Internet Section 18 B"]
[Site "Dos Hermanas"]
[Date "2003.03.19"]
[Round "?"]
[White "gonzalez"]
[Black "szmetan"]
[Result "1/2-1/2"]
[WhiteElo "2524"]
[BlackElo "2686"]
[PlyCount "67"]
[EventDate "2003.03.18"]
[EventType "swiss (blitz)"]
[EventRounds "9"]
[EventCountry "ESP"]
[Source "Fruth,M"]
[SourceDate "2003.05.15"]

1. d4 Nf6 2. c4 c5 3. d5 b5 4. cxb5 a6 5. bxa6 g6 6. Nc3 d6 7. e4 Bg7 8. Nf3
O-O 9. h3 Qa5 10. Bd3 Bxa6 11. O-O Nbd7 12. Re1 Ne8 13. Bxa6 Qxa6 14. Bg5 Bxc3
15. bxc3 f6 16. Bh6 Ng7 17. Nd2 Rfb8 18. Qc2 Ne5 19. c4 Qa3 20. Rab1 Rb4 21.
Rxb4 cxb4 22. c5 Qc3 23. Rc1 Rxa2 24. Qxc3 bxc3 25. Rxc3 dxc5 26. Rxc5 Ne8 27.
Rc8 Kf7 28. Nb3 g5 29. Nd4 Nd6 30. Rc7 Ne8 31. Rb7 Nd6 32. Rc7 Ne8 33. Rb7 Nd6
34. Rc7 1/2-1/2

[Event "Internet Section 18 B"]
[Site "Dos Hermanas"]
[Date "2003.03.18"]
[Round "?"]
[White "narciso"]
[Black "szmetan"]
[Result "0-1"]
[WhiteElo "2771"]
[BlackElo "2689"]
[PlyCount "100"]
[EventDate "2003.03.18"]
[EventType "swiss (blitz)"]
[EventRounds "9"]
[EventCountry "ESP"]
[Source "Fruth,M"]
[SourceDate "2003.05.15"]

1. d4 Nf6 2. c4 c5 3. d5 b5 4. cxb5 a6 5. bxa6 g6 6. Nc3 Bxa6 7. e4 Bxf1 8.
Kxf1 d6 9. g3 Bg7 10. Kg2 O-O 11. Nge2 Nbd7 12. Qc2 Qb6 13. Rd1 Rfb8 14. Rb1
Ne8 15. Bg5 Nc7 16. b3 Na6 17. a3 Nc7 18. a4 Qa6 19. h4 Nf6 20. Rd2 Rb4 21. Na2
Rb7 22. Nec3 Rab8 23. f3 h6 24. Be3 Nd7 25. Bf2 Ne5 26. Nd1 Nc4 27. bxc4 Rxb1
28. Nac3 Qxc4 29. Nxb1 Qxc2 30. Rxc2 Rxb1 31. Ne3 Ra1 32. Rc4 Ra2 33. Kf1 Na8
34. Rc2 Rxa4 35. Nc4 Nc7 36. g4 Na6 37. Nb6 Ra1+ 38. Kg2 Nb4 39. Rd2 Rc1 40.
Nc8 Kf8 41. Na7 c4 42. Nc6 c3 43. Re2 Rb1 44. Nxb4 Rxb4 45. Ra2 Be5 46. Ra8+
Kg7 47. Rc8 Rb2 48. f4 Bd4 49. Kf3 Rxf2+ 50. Kg3 Rd2 0-1

[Event "Internet Section 18 B"]
[Site "Dos Hermanas"]
[Date "2003.03.18"]
[Round "7"]
[White "KidChamp"]
[Black "S-Hassan"]
[Result "1-0"]
[WhiteElo "2685"]
[BlackElo "2721"]
[PlyCount "119"]
[EventDate "2003.03.18"]
[EventType "swiss (blitz)"]
[EventRounds "9"]
[EventCountry "ESP"]
[Source "Fruth,M"]
[SourceDate "2003.05.15"]

1. d4 Nf6 2. c4 c5 3. d5 b5 4. cxb5 a6 5. b6 d6 6. Nc3 Nbd7 7. a4 Qxb6 8. e4 g6
9. Nf3 Bg7 10. Nd2 O-O 11. Nc4 Qb4 12. Bd2 Qb8 13. a5 Ne8 14. Bd3 Nc7 15. O-O
Nb5 16. Ne2 Ne5 17. Qc2 Nxd3 18. Qxd3 Ra7 19. Rab1 f5 20. f3 e6 21. Nb6 Raf7
22. Nxc8 Qxc8 23. Nf4 fxe4 24. fxe4 exd5 25. Qxd5 Be5 26. Ne6 Nc7 27. Nxc7 Qxc7
28. Bh6 Rb8 29. Rf3 Qb7 30. Qc4 d5 31. exd5 Rxf3 32. gxf3 Qb5 33. Qxb5 Rxb5 34.
Re1 Bd4+ 35. Kh1 Rb7 36. Re6 Ra7 37. b3 Kf7 38. Rc6 Ke7 39. Bg5+ Kd7 40. Bf4
Ke7 41. Bd6+ Kd7 42. Kg2 Rb7 43. Rxa6 Rxb3 44. Bf4 Rb2+ 45. Kg3 c4 46. Rc6 c3
47. Rc7+ Kd8 48. d6 Bf6 49. a6 Ra2 50. a7 g5 51. Be3 Be5+ 52. Kg4 Bxd6 53. Rxh7
Bf4 54. Bxf4 gxf4 55. a8=Q+ Rxa8 56. Rh8+ Kc7 57. Rxa8 c2 58. Ra1 c1=Q 59.
Rxc1+ Kd6 60. Re1 1-0

[Event "Serbia & Montenegro-ch TT"]
[Site "Budva"]
[Date "2003.05.18"]
[Round "?"]
[White "Ivanisevic, Ivan"]
[Black "Nevednichy, Vladislav"]
[Result "1-0"]
[WhiteElo "2569"]
[BlackElo "2569"]
[PlyCount "125"]
[EventDate "2003.05.18"]
[EventType "team"]
[EventRounds "6"]
[EventCountry "YUG"]
[Source "Fruth,M"]
[SourceDate "2003.05.15"]

1. d4 Nf6 2. c4 c5 3. d5 b5 4. Nd2 b4 5. e4 e5 6. f4 d6 7. fxe5 dxe5 8. Bd3
Nbd7 9. Ne2 g6 10. Nf3 Bg7 11. Bg5 h6 12. Be3 O-O 13. h3 Ne8 14. Qd2 f5 15.
Bxh6 fxe4 16. Bxg7 Rxf3 17. Qh6 exd3 18. Qh8+ Kf7 19. gxf3 dxe2 20. h4 Ba6 21.
Bxe5 Nef6 22. Bxf6 Qxh8 23. Bxh8 Bxc4 24. b3 Bxd5 25. Bb2 Bxf3 26. Rh3 Bh5 27.
Rc1 Re8 28. Rc4 Kg8 29. Rf4 Nb6 30. Rd3 Rc8 31. Rd2 Rf8 32. Rxf8+ Kxf8 33. Be5
Kf7 34. Bc7 Ke6 35. Bxb6 axb6 36. Rd8 Ke5 37. Rb8 Kd4 38. Rxb6 Kc3 39. Ra6 Kb2
40. Kd2 Kb1 41. a4 Kb2 42. a5 Kxb3 43. Re6 c4 44. a6 c3+ 45. Kc1 Bf3 46. a7 Kc4
47. Rxe2 Bxe2 48. a8=Q Bd3 49. Qg8+ Kd4 50. Qg7+ Kc4 51. Qf7+ Kd4 52. Qf6+ Kc4
53. Qf4+ Kc5 54. Qe3+ Kc4 55. Qe6+ Kd4 56. Qa2 Bf5 57. h5 gxh5 58. Qf2+ Ke4 59.
Qh4+ Kd3 60. Qxh5 Be4 61. Qb5+ Kd4 62. Qxb4+ Ke3 63. Kd1 1-0

[Event "BL2-Ost 0304"]
[Site "Germany"]
[Date "2003.??.??"]
[Round "?.1"]
[White "Haba, Petr"]
[Black "Prusikin, Michael"]
[Result "1/2-1/2"]
[WhiteElo "2500"]
[BlackElo "2520"]
[PlyCount "44"]
[EventDate "2003.10.??"]
[EventType "team"]
[EventRounds "8"]
[EventCountry "GER"]
[Source "ChessBase"]
[SourceDate "2004.07.06"]

1. d4 Nf6 2. c4 c5 3. d5 b5 4. cxb5 a6 5. bxa6 g6 6. Nc3 Bxa6 7. e4 Bxf1 8.
Kxf1 d6 9. Nf3 Bg7 10. h3 O-O 11. Kg1 Nbd7 12. Kh2 Qa5 13. Re1 Rfb8 14. Qc2 Nb6
15. Nd1 c4 16. Be3 Nfd7 17. Re2 Nc5 18. Nd2 Nb3 19. Nxb3 cxb3 20. Qxb3 Na4 21.
Qd3 Nxb2 22. Nxb2 Rxb2 1/2-1/2

[Event "RUS-UKR m g/3"]
[Site "bereg.ru Int"]
[Date "2003.12.14"]
[Round "3"]
[White "Shipov, Sergei"]
[Black "Malakhatko, Vadim"]
[Result "0-1"]
[WhiteElo "2589"]
[BlackElo "2529"]
[PlyCount "158"]
[EventDate "2003.12.14"]
[EventType "schev (blitz)"]
[EventRounds "16"]
[Source "ChessBase"]
[SourceDate "2004.11.11"]

1. d4 Nf6 2. c4 c5 3. d5 b5 4. cxb5 a6 5. b6 Qxb6 6. Nc3 d6 7. Nf3 Nbd7 8. a4
g6 9. a5 Qb4 10. Nd2 Bg7 11. e4 O-O 12. Be2 Rb8 13. Ra4 Qb7 14. h3 Ne8 15. O-O
Nc7 16. Nc4 Nb5 17. Bd2 Nd4 18. Bg5 Ne5 19. Nb6 h6 20. Bh4 g5 21. Bg3 Bd7 22.
Ra1 Bb5 23. Bxb5 axb5 24. Re1 b4 25. Ne2 Nxe2+ 26. Qxe2 Ng6 27. Nc4 Qa6 28. Ra2
b3 29. Ra3 Rb4 30. Nd2 Qxe2 31. Rxe2 c4 32. Nb1 Ra8 33. f3 Rb5 34. a6 Rb6 35.
a7 Bd4+ 36. Bf2 Bxf2+ 37. Kxf2 Rb7 38. Ra4 Ne5 39. Nd2 Raxa7 40. Rxc4 Nxc4 41.
Nxc4 Rc7 42. Ne3 Ra1 43. Rd2 Rac1 44. Ke2 R1c2 45. Kd3 Rxd2+ 46. Kxd2 e6 47.
Kd3 Rc1 48. Nc4 Rc2 49. g4 exd5 50. exd5 Kf8 51. Kd4 Ke7 52. Kd3 Rh2 53. Nd2
Rxh3 54. Ke3 Rh2 55. Nxb3 Rxb2 56. Nd4 Ra2 57. Nf5+ Kf6 58. Nxd6 Ra5 59. Kd4
Ra3 60. Ke4 Ra4+ 61. Ke3 Rb4 62. Kd3 Rf4 63. Ke3 Ke5 64. Ne4 Kxd5 65. Ng3 Ke5
66. Ne4 Rxe4+ 67. fxe4 f6 68. Kd3 Kf4 69. Kd4 Kxg4 70. Kd5 Kf4 71. Ke6 Kxe4 72.
Kf7 g4 73. Kg6 g3 74. Kf7 g2 75. Ke6 g1=Q 76. Kf7 Kf5 77. Ke7 Qd1 78. Kf7 Qd7+
79. Kf8 Kg6 0-1

[Event "RUS-UKR m g/3"]
[Site "bereg.ru Int"]
[Date "2003.12.14"]
[Round "15"]
[White "Shipov, Sergei"]
[Black "Zubov, Alexander"]
[Result "1-0"]
[WhiteElo "2589"]
[BlackElo "2521"]
[PlyCount "115"]
[EventDate "2003.12.14"]
[EventType "schev (blitz)"]
[EventRounds "16"]
[Source "ChessBase"]
[SourceDate "2004.11.11"]

1. d4 Nf6 2. c4 c5 3. d5 b5 4. cxb5 a6 5. b6 d6 6. Nc3 Nbd7 7. a4 a5 8. e4 g6
9. Bb5 Bg7 10. Nf3 O-O 11. O-O Nxb6 12. Qe2 Bb7 13. Bf4 Ne8 14. Rad1 Nc7 15.
Bd3 Qc8 16. h3 Ba6 17. Rfe1 Bxd3 18. Rxd3 Qa6 19. e5 Rfe8 20. h4 Qc4 21. Bg3
Nxa4 22. Nxa4 Qxa4 23. h5 Qb5 24. Qd2 c4 25. Rd4 a4 26. h6 Bh8 27. Rc1 e6 28.
exd6 Nxd5 29. Rcxc4 Bxd4 30. Qxd4 f6 31. Rc5 Qd7 32. Rxd5 exd5 33. Qxf6 Re6 34.
Qd4 a3 35. bxa3 Qb7 36. Ng5 Re1+ 37. Kh2 Rxa3 38. Qf6 Ra8 39. Be5 Rxe5 40. Qxe5
Rf8 41. Qe6+ Kh8 42. d7 Qc7+ 43. Kh3 Qf4 44. Nf7+ Rxf7 45. Qxf7 Qxh6+ 46. Kg3
Qg5+ 47. Kf3 Qh5+ 48. Ke3 Qe5+ 49. Kf3 Qe4+ 50. Kg3 Qe5+ 51. f4 Qe1+ 52. Kg4
Qe2+ 53. Kg5 Qxg2+ 54. Kf6 Qb2+ 55. Ke6 Qb6+ 56. Ke7 Qc5+ 57. Ke8 Qc6 58. Qf8#
1-0

[Event "Moscow Aeroflot op"]
[Site "Moscow"]
[Date "2004.02.17"]
[Round "1"]
[White "Grachev, Boris"]
[Black "Tregubov, Pavel V"]
[Result "0-1"]
[WhiteElo "2506"]
[BlackElo "2628"]
[PlyCount "84"]
[EventDate "2004.02.17"]
[EventType "swiss"]
[EventRounds "9"]
[EventCountry "RUS"]
[Source "ChessBase"]
[SourceDate "2004.06.01"]

1. d4 Nf6 2. c4 c5 3. d5 b5 4. Nd2 bxc4 5. e4 c3 6. bxc3 g6 7. c4 d6 8. Ngf3
Bg7 9. Rb1 O-O 10. Bd3 e5 11. O-O Nbd7 12. Re1 Nh5 13. Bc2 Nb6 14. Re3 Bd7 15.
a4 a5 16. Reb3 Ra6 17. Ra3 Bh6 18. Bb2 Qe8 19. Bc3 f5 20. exf5 gxf5 21. Bxa5
Nxd5 22. cxd5 Rxa5 23. Rb6 e4 24. Nc4 Ra7 25. Nxd6 Qd8 26. Rb7 Rxb7 27. Nxb7
Qc7 28. d6 Qxb7 29. Ne5 Nf6 30. Rg3+ Ng4 31. h3 Bf4 32. Bb3+ Kg7 33. Bd5 Qb2
34. Rxg4+ fxg4 35. Nxd7 e3 36. Nxf8 e2 37. Qe1 Qc1 38. Ne6+ Kh6 39. Qxc1 Bxc1
40. d7 e1=Q+ 41. Kh2 Qxf2 42. hxg4 Qh4+ 0-1

[Event "Moscow Aeroflot op"]
[Site "Moscow"]
[Date "2004.02.19"]
[Round "3"]
[White "Gershon, Alik"]
[Black "Tregubov, Pavel V"]
[Result "0-1"]
[WhiteElo "2546"]
[BlackElo "2628"]
[PlyCount "152"]
[EventDate "2004.02.17"]
[EventType "swiss"]
[EventRounds "9"]
[EventCountry "RUS"]
[Source "ChessBase"]
[SourceDate "2004.06.01"]

1. d4 Nf6 2. c4 c5 3. d5 b5 4. Nf3 Bb7 5. Nbd2 bxc4 6. e4 e6 7. dxe6 dxe6 8. e5
Nd5 9. Bxc4 Be7 10. O-O O-O 11. Re1 Nc6 12. a3 Qc7 13. Nf1 Rfd8 14. Qe2 Na5 15.
Ba2 c4 16. Qc2 Rac8 17. Bd2 c3 18. bxc3 Nxc3 19. Bb1 Ne2+ 20. Kh1 Qxc2 21. Bxc2
Rxc2 22. Bxa5 Rdc8 23. Ne3 Rc1 24. Bb4 Kf8 25. Bxe7+ Kxe7 26. Nd2 Rxe1+ 27.
Rxe1 Ba6 28. h3 Nf4 29. Kh2 Nd3 30. Rb1 Nxe5 31. Rb4 Nc6 32. Rh4 Bd3 33. Nb3 g5
34. Rg4 f6 35. h4 h5 36. Rg3 gxh4 37. Rg7+ Kd6 38. Kh3 Rb8 39. Nd2 Kc5 40. Rd7
Ne5 41. Rxa7 Rb2 42. Ra5+ Kc6 43. f4 Ng6 44. Nf3 Nxf4+ 45. Kh2 h3 46. Kg3 Nxg2
47. Nd1 Rb8 48. Rxh5 Rg8+ 49. Kf2 Nf4 50. Rh6 Ba6 51. Nc3 f5 52. Nd4+ Kc5 53.
Nxf5 Nd3+ 54. Kf3 Rf8 55. Ne4+ Kd5 56. Nf6+ Kc4 57. Nd6+ Kd4 58. Kg3 Nc5 59.
Kxh3 Ke5 60. Nde8 Bd3 61. Ng4+ Kd4 62. Ng7 Bc4 63. Nf6 e5 64. Kg2 e4 65. Nf5+
Kd3 66. Nd6 Ba2 67. Rh3+ Ke2 68. Ndxe4 Nxe4 69. Nxe4 Bd5 70. Rc3 Rg8+ 71. Rg3
Bxe4+ 72. Kh3 Rf8 73. Kg4 Bf3+ 74. Kg5 Ke3 75. a4 Rg8+ 76. Kh4 Rh8+ 0-1